00373nam a2200121Ia 45000010005000000080041000050820028000461000041000742450063001152600031001789010027002099990015002363595241024s9999 xx 000 0 und d aRD/923.27293/P438j/2013 aJosé Joaquín Pérez Saviñón 0aJuan Pablo Duarte: biografía, faceta dinámica, ideario bEditora Alfa y Omegac2013 a9/1/2014 12:30:05 p.m. c7646d7646